Pays de la mer Adriatique - Statistiques

Statistiques générales
  • Ce quiz a été pris 9 480 fois
  • Le résultat moyen est 6 sur 6
Statistiques - réponses
Pays % Correct
Croatie
98%
Italie
98%
Albanie
94%
Bosnie-Herzégovine
92%
Slovénie
92%
Monténégro
90%
Aucun quiz correspondant
Distribution des résultats
% des personnes avec chaque résultat
Percentile par nombre de réponses
Votre historique - résultats
Vous n’avez pas pris ce quiz